[Event "Landsturneringen 2018"]
[Site "Quality hotell Sarpsborg"]
[Date "2018.07.07"]
[Round "1"]
[White "Holand, Per Fredrik"]
[Black "Kizatbay, Abyl"]
[Result "1-0"]
[WhiteElo "1842"]
[BlackElo "2088"]

1. d4 Nf6 2. c4 g6 3. Nc3 d5 4. cxd5 Nxd5 5. Bd2 Bg7 6. e4 Nxc3 7. Bxc3 Nc6 8. d5 Bxc3+ 9. bxc3 Na5 10. Qd4 O-O 11. Nf3 e6 12. dxe6 Bxe6 13. Be2 Qe7 14. O-O Rad8 15. Qb4 Qxb4 16. cxb4 Nc6 17. a3 Bb3 18. Rac1 Rd7 19. Bb5 Re7 20. Rc3 Be6 21. Bxc6 bxc6 22. Rxc6 Rd8 23. Rfc1 Rd3 24. Ra6 Red7 25. h3 Bxh3 26. Kh2 Be6 27. Ne5 R7d6 28. Rxa7 Rd2 29. Kg3 c6 30. Rxc6 Rxc6 31. Nxc6 h5 32. b5 g5 33. b6 h4+ 34. Kh2
1-0

[Event "Landsturneringen 2018"]
[Site "Quality hotell Sarpsborg"]
[Date "2018.07.07"]
[Round "1"]
[White "Øieroset, Henrik"]
[Black "Kyrkjebø, Hanna B."]
[Result "1/2-1/2"]
[WhiteElo "1685"]
[BlackElo "1971"]

1. d4 Nf6 2. c4 e6 3. Nc3 Bb4 4. Qc2 c5 5. a3 Bxc3+ 6. bxc3 Nc6 7. Nf3 d6 8. e4 e5 9. Bb2 O-O 10. Rd1 Qc7 11. h3 Re8 12. d5 Ne7 13. Be2 Ng6 14. Bc1 Qe7 15. O-O Nh5 16. Rfe1 Nhf4 17. Bf1 Rf8 18. Be3 f5 19. exf5 Bxf5 20. Qc1 Qd7 21. Kh2 Qc8 22. Ng1 Bd7 23. g3 Nh5 24. Bg2 b6 25. Nf3 Qa6 26. Qb2 Rae8 27. Nd2 Nf6 28. Bg5 Ne7 29. Qa2 Qc8 30. f4 h6 31. Bxf6 gxf6 32. Ne4 Qb8 33. fxe5 fxe5 34. Rf1 Kg7 35. Rxf8 Rxf8 36. Rf1 Ng6 37. Rxf8 Qxf8 38. Qf2 Qxf2 39. Nxf2 Bf5 40. Be4 Kf6 41. g4 Bxe4 42. Nxe4+ Ke7 43. Ng3 Nh4 44. Kg1 Nf3+ 45. Kf2 Nh4 46. Ke3 Ng2+ 47. Ke4 Nh4 48. Ke3
1/2-1/2

[Event "Landsturneringen 2018"]
[Site "Quality hotell Sarpsborg"]
[Date "2018.07.07"]
[Round "2"]
[White "Risting, Eivind Olav"]
[Black "Fossan, Andreas"]
[Result "1-0"]
[WhiteElo "2317"]
[BlackElo "2024"]

1. c4 Nf6 2. Nc3 e6 3. Nf3 d5 4. d4 Be7 5. Bf4 O-O 6. a3 c6 7. e3 Nbd7 8. cxd5 exd5 9. h3 a5 10. Bd3 Re8 11. O-O Nf8 12. Bh2 Ng6 13. Ne5 Bd6 14. f4 Bd7 15. Kh1 c5 16. Nxd7 Nxd7 17. f5 Bxh2 18. fxg6 hxg6 19. Kxh2 c4 20. Bc2 Nf6 21. Qf3 Ra6 22. Rae1 Rae6 23. Kh1 g5 24. Qf5 Rxe3 25. Rxe3 Rxe3 26. Qxg5 Qe7 27. Nxd5 Nxd5 28. Qxd5 c3 29. Bg6 Re1 30. Qxf7+ Kh8 31. Qxe7 Rxf1+ 32. Kh2 cxb2 33. Qe8+ Rf8 34. Qxf8#
1-0

[Event "Landsturneringen 2018"]
[Site "Quality hotell Sarpsborg"]
[Date "2018.07.07"]
[Round "2"]
[White "Bruaset, Eivind"]
[Black "Vitenberg, Noam Aviv"]
[Result "0-1"]
[WhiteElo "2046"]
[BlackElo "2220"]

1. e4 c6 2. d4 d5 3. exd5 cxd5 4. c4 Nf6 5. Nc3 e6 6. c5 Be7 7. Nf3 O-O 8. Qc2 b6 9. b4 bxc5 10. bxc5 Nc6 11. Bb5 Bb7 12. O-O Rc8 13. Bxc6 Bxc6 14. Ne5 Be8 15. Rb1 Nd7 16. Nxd7 Qxd7 17. Qb3 f6 18. Bf4 Bf7 19. Qb7 Rfd8 20. Rb5 Kf8 21. Qxd7 Rxd7 22. Rfb1 e5 23. Be3 Rdc7 24. Ne2 exd4 25. Nxd4 Bxc5 26. h3 Bb6 27. Rd1 g6 28. Kh2 Rc4 29. Rb2 Kg7 30. Re2 Re8 31. Rb2 Re4 32. Nb5 d4 33. Bd2 Ra4 34. f3 Re5 35. Bf4 Rf5 36. Bg3 Bxa2 37. Ra1 Bb3 38. Rxa4 Bxa4 39. Nxa7 Bc5 40. Nc8 Rd5 41. Bf4 d3 42. Bd2 Re5 43. Rb7+ Kg8 44. Bf4 Re2 45. Rc7 Be3 46. Ne7+ Kf8 47. Bd6 d2 48. Nd5+ Ke8 49. Rxh7 Bf4+ 50. Bxf4 d1=Q 51. Nxf6+ Kd8 52. Rh8+ Ke7 53. Ng4 Qf1 54. Kg3 Rxg2+ 55. Kh4 Rxg4+ 56. fxg4 Qxf4 57. Re8+ Kd6 58. Rd8+ Kc5 59. Rd5+ Kc4 60. Rc5+ Kd3 61. Rc3+ Ke4 62. Rc4+ Ke5 63. Rc5+ Kf6 64. Rc6+ Kf7 65. Rxg6 Qf2+ 66. Kh5 Be8 67. Kg5 Qe3+
0-1

[Event "Landsturneringen 2018"]
[Site "Quality hotell Sarpsborg"]
[Date "2018.07.07"]
[Round "2"]
[White "Lund, Gunnar"]
[Black "Fossan, Benjamin"]
[Result "1-0"]
[WhiteElo "2216"]
[BlackElo "1965"]

1. e4 c5 2. Nf3 Nc6 3. Bb5 g6 4. Bxc6 bxc6 5. O-O Bg7 6. Re1 Nh6 7. c3 O-O 8. h3 f6 9. d4 cxd4 10. cxd4 Nf7 11. Nc3 d6 12. Qc2 e5 13. Be3 Qe7 14. Rad1 Bb7 15. Nd2 a6 16. Nc4 Rac8 17. Qb3 Rfd8 18. dxe5 dxe5 19. Na5 Ba8 20. Qc4 Kh8 21. Bc5 Qe8 22. Qxa6 Ng5 23. Qc4 f5 24. f3 f4 25. b4 Ne6 26. Nb3 g5 27. Bb6 Rxd1 28. Rxd1 c5 29. Bxc5 Bf8 30. Nd5 Nxc5 31. bxc5 Qg6 32. Nb6 Bxc5+ 33. Nxc5 Qxb6 34. Rc1 h5 35. Qb3 Qd6 36. Qd3 Qg6 37. Qd7 Rg8 38. Qe6 Qg7 39. Na6 Qa7+ 40. Kh2 Qg7 41. Rc7 Qg6 42. Qxe5+ Rg7 43. Rc8+ Kh7 44. Rxa8 g4 45. hxg4 hxg4 46. fxg4 Qxg4 47. Qf5+ Rg6 48. Qxg4 Rxg4 49. Nc5 Kg7 50. Nd3 Kf6 51. Rf8+ Ke6 52. Rxf4 Rg5 53. Rf5 Rg4 54. Kh3 Rg8 55. g4 Ra8 56. a4 Kd6 57. a5 Re8 58. Re5
1-0

[Event "Landsturneringen 2018"]
[Site "Quality hotell Sarpsborg"]
[Date "2018.07.07"]
[Round "2"]
[White "Kizatbay, Abyl"]
[Black "Øieroset, Henrik"]
[Result "1-0"]
[WhiteElo "2088"]
[BlackElo "1685"]

1. e4 c5 2. Nf3 e6 3. b3 d5 4. exd5 exd5 5. Bb5+ Bd7 6. Bxd7+ Nxd7 7. O-O Qf6
8. d4 Qc6 9. Re1+ Be7 10. dxc5 O-O-O 11. Nd4 Qg6 12. b4 Nb8 13. Bf4 Bf6 14. c3
Ne7 15. Nb5 Kd7 16. N1a3 a6 17. Nd4 Nbc6 18. b5 Nxd4 19. cxd4 axb5 20. Qb3
Bxd4 21. Rad1 Bxc5 22. Rxd5+ Nxd5 23. Qxd5+ Bd6 24. Qxb7+ Bc7 25. Qxc7#
1-0

[Event "Landsturneringen 2018"]
[Site "Quality hotell Sarpsborg"]
[Date "2018.07.07"]
[Round "3"]
[White "Nielsen, Andre"]
[Black "Risting, Eivind Olav"]
[Result "0-1"]
[WhiteElo "2178"]
[BlackElo "2317"]

1. e4 c6 2. d4 d5 3. Nc3 dxe4 4. Nxe4 Bf5 5. Ng3 Bg6 6. h4 h6 7. Nf3 Nd7 8. h5 Bh7 9. Bd3 Bxd3 10. Qxd3 e6 11. Bd2 Ngf6 12. O-O-O Be7 13. Ne4 Nxe4 14. Qxe4 Nf6 15. Qe2 Qd5 16. c4 Qe4 17. Qxe4 Nxe4 18. Be3 f5 19. Nd2 Nf6 20. Bf4 Rd8 21. Nf3 Ne4 22. Rhf1 Bg5 23. Nxg5 hxg5 24. Be5 Kf7 25. f3 Nd6 26. c5 Nc4 27. Rh1 Rd5 28. Bc7 Ne3 29. Rd2 f4 30. g3 Nf5 31. gxf4 gxf4 32. Bxf4 Nxd4 33. Be3 Nf5 34. Bf2 Kf6 35. f4 g6 36. Re2 Rxh5 37. Rhe1 Ng7 38. Re4 Kf7 39. Rb4 Rd7 40. Bd4 Rhd5 41. Bf2 Nf5 42. Rbe4 Rd2 43. R1e2 Rxe2 44. Rxe2 Rd5 45. b4 Rd3 46. Re4 Kf6 47. Be1 Re3 48. Re5 Rxe5 49. Bc3 g5 50. fxg5+ Kxg5 51. Bxe5 Ne3 52. Bb8 a6 53. Kd2 Nd5 54. a3 Kf5 55. Kd3 e5 56. Kc4 Ke4 57. a4 Ne3+ 58. Kc3 Kd5 59. b5 Nc4 60. bxc6 bxc6 61. Ba7 Na5 62. Kd3 Nb7
0-1

[Event "Landsturneringen 2018"]
[Site "Quality hotell Sarpsborg"]
[Date "2018.07.07"]
[Round "3"]
[White "Vitenberg, Noam Aviv"]
[Black "Fossan, Aleksander"]
[Result "1-0"]
[WhiteElo "2220"]
[BlackElo "2164"]

1. d4 Nf6 2. c4 g6 3. f3 d5 4. cxd5 Nxd5 5. e4 Nb6 6. Nc3 Bg7 7. Be3 O-O 8. Qd2 Nc6 9. O-O-O e5 10. d5 Nd4 11. f4 c5 12. fxe5 Bxe5 13. Nf3 Nxf3 14. gxf3 c4 15. Be2 Bd7 16. f4 Bg7 17. h4 Na4 18. Bd4 Bxd4 19. Qxd4 Nxc3 20. Qxc3 Qe7 21. Bf3 b5 22. d6 Qd8 23. h5 b4 24. Qd4 Qb6 25. hxg6 fxg6 26. Qd5+ Kg7 27. Qe5+ Kg8 28. Rxh7
1-0

[Event "Landsturneringen 2018"]
[Site "Quality hotell Sarpsborg"]
[Date "2018.07.07"]
[Round "3"]
[White "Øieroset, Henrik"]
[Black "Flæsen, Aleksander"]
[Result "0-1"]
[WhiteElo "1685"]
[BlackElo "1885"]

1. d4 Nf6 2. c4 e6 3. Nc3 Bb4 4. Qc2 O-O 5. Nf3 d6 6. a3 Bxc3+ 7. bxc3 c5 8. e4 Nc6 9. Bb2 e5 10. Rd1 Qc7 11. h3 b6 12. Be2 Re8 13. d5 Na5 14. O-O Ba6 15. Nd2 Qe7 16. Bc1 Rf8 17. Qa2 Rae8 18. Rfe1 h6 19. Bd3 Qd7 20. a4 Nh5 21. Kh2 Nf4 22. Bf1 f5 23. exf5 Rxf5 24. Ne4 Ref8 25. Be3 R5f7 26. g3 Bxc4 27. gxf4 Bxa2 28. fxe5 dxe5 29. Bb5 Qf5 30. Nd6 Qf3 31. Nxf7 Rxf7 32. Rg1 Bxd5 33. Be2 Qxe2 34. Rxd5 Nc4
0-1

[Event "Landsturneringen 2018"]
[Site "Quality hotell Sarpsborg"]
[Date "2018.07.07"]
[Round "3"]
[White "Berbom, Henrik Elias"]
[Black "Haynes, Noah"]
[Result "1-0"]
[WhiteElo "1419"]
[BlackElo "1727"]

1. d4 Nf6 2. c4 e6 3. Nc3 d5 4. cxd5 exd5 5. Bg5 c6 6. e3 Be7 7. Bd3 O-O 8. h3 h6 9. Bf4 Re8 10. Nf3 Nbd7 11. O-O Bf8 12. Qc2 Qe7 13. Nd2 c5 14. dxc5 Nxc5 15. Bb5 Bd7 16. Bxd7 Qxd7 17. Rfd1 Qc6 18. Nb3 Nce4 19. Nd4 Qc5 20. Rac1 Rac8 21. Qb3 Nxc3 22. Rxc3 Qb4 23. Rdc1 Qxb3 24. Nxb3 Rxc3 25. Rxc3 g5 26. Bh2 Re4 27. Nd4 Kh7 28. a3 Kg6 29. g4 h5 30. f3 Re8 31. Kf2 hxg4 32. hxg4 Rd8 33. Nf5 b5 34. Rc7 a5 35. Rc6 Re8 36. Ra6 a4 37. Rb6 b4 38. axb4 Re6 39. Rb7 Rc6 40. Nd4 Rc4 41. Be5 Rxb4 42. Rxb4 Bxb4 43. Nc6 Bc5 44. Ke2 Nd7 45. Bd4 Bd6 46. Kd2 f5 47. Kc3 f4 48. Nb4 Ne5 49. exf4 gxf4 50. Bxe5 Bxe5+ 51. Kc2 d4 52. Kd3 Kg5 53. Ke4 Bh8 54. Nd3 Bf6 55. Nxf4 Kh6 56. Kf5 Bh8 57. Nd3 Kh7 58. g5 Bg7 59. f4 Bf8 60. Kf6 Kg8 61. Kg6 a3 62. bxa3 Bxa3 63. f5 Bd6 64. Kf6 Bg3 65. g6 Kf8 66. g7+ Kg8 67. Kg6 Be5 68. Nxe5 d3 69. f6
1-0

[Event "Landsturneringen 2018"]
[Site "Quality hotell Sarpsborg"]
[Date "2018.07.07"]
[Round "4"]
[White "Kyrkjebø, Marte B"]
[Black "Berbom, Henrik Elias"]
[Result "1-0"]
[WhiteElo "1932"]
[BlackElo "1419"]

1. e4 e6 2. d3 d5 3. Qe2 Nf6 4. Nf3 c5 5. g3 Nc6 6. Bg2 b6 7. O-O Qc7 8. e5 Nd7 9. Bf4 Bb7 10. c3 Qd8 11. Re1 Be7 12. h4 O-O 13. Nbd2 h6 14. h5 Bg5 15. Bxg5 hxg5 16. Bh3 Qe7 17. Nf1 d4 18. c4 a6 19. N1h2 b5 20. b3 Nb6 21. Qd2 bxc4 22. bxc4 Nb4 23. a3 Nc6 24. Nxg5 Na4 25. Ng4 Nc3 26. h6 g6 27. Nf6+ Kh8 28. Qf4 Nb8 29. Bg2 Bxg2 30. Kxg2 Nd7 31. Nxd7 Qxd7 32. Qf6+
1-0

[Event "Landsturneringen 2018"]
[Site "Quality hotell Sarpsborg"]
[Date "2018.07.07"]
[Round "4"]
[White "Haynes, Noah"]
[Black "Øieroset, Henrik"]
[Result "0-1"]
[WhiteElo "1727"]
[BlackElo "1685"]

1. d4 Nf6 2. c4 e5 3. dxe5 Ng4 4. Bf4 Nc6 5. Nf3 Bb4+ 6. Nbd2 Qe7 7. e3 Ngxe5 8. Nxe5 Nxe5 9. Be2 O-O 10. O-O Ng6 11. Bg3 Bd6 12. Bxd6 Qxd6 13. Nb3 Qe5 14. Qd4 d6 15. Bf3 c6 16. Rfd1 Rd8 17. Rd2 Be6 18. Rad1 Qxd4 19. Rxd4 Ne5 20. Na5 d5 21. e4 Nxf3+ 22. gxf3 c5 23. R4d2 d4 24. Nxb7 Rdc8 25. b4 cxb4 26. Rxd4 g6 27. Na5 Rc5 28. Nb3 Rxc4 29. Rd8+ Rxd8 30. Rxd8+ Kg7 31. Ra8 Rc2 32. Rxa7 Rb2 33. e5 Bh3 34. Nc1 Rc2 35. Nb3 Re2
0-1

[Event "Landsturneringen 2018"]
[Site "Quality hotell Sarpsborg"]
[Date "2018.07.07"]
[Round "5"]
[White "Øieroset, Henrik"]
[Black "Fossan, Benjamin"]
[Result "0-1"]
[WhiteElo "1685"]
[BlackElo "1965"]

1. d4 Nf6 2. c4 g6 3. Nc3 d5 4. cxd5 Nxd5 5. e4 Nxc3 6. bxc3 Bg7 7. Nf3 c5 8. Bb2 O-O 9. Qd2 Qc7 10. Be2 Nc6 11. O-O Rd8 12. Rfd1 Bg4 13. d5 Bxf3 14. Bxf3 Ne5 15. Be2 c4 16. f4 Nd7 17. Ba3 Nb6 18. Qe3 Na4 19. Rac1 b5 20. e5 Bf8 21. Bf3 Rab8 22. Kh1 a5 23. Rc2 b4 24. cxb4 axb4 25. Bb2 c3 26. Ba1 Nb6 27. Qe2 Nc4 28. e6 f5 29. g4 Qxf4 30. gxf5 Ne3 31. fxg6 Nxc2 32. gxh7+ Kh8 33. Be4 Ne3
0-1

[Event "Landsturneringen 2018"]
[Site "Quality hotell Sarpsborg"]
[Date "2018.07.07"]
[Round "5"]
[White "Berbom, Henrik Elias"]
[Black "Sebastian, Andreas"]
[Result "1-0"]
[WhiteElo "1419"]
[BlackElo "1936"]

1. d4 Nf6 2. c4 e6 3. Nc3 Bb4 4. Qc2 O-O 5. e4 d5 6. e5 Ne4 7. Bd3 c5 8. Nf3 cxd4 9. Nxd4 Nd7 10. Bf4 Qh4 11. g3 Qh5 12. Bxe4 dxe4 13. Qxe4 Nc5 14. Qe2 Qxe2+ 15. Kxe2 Bxc3 16. bxc3 b6 17. Nb5 Bb7 18. Rhd1 Rfd8 19. Nd6 Bc6 20. f3 Rd7 21. Rd4 Ba4 22. Bc1 Bc2 23. Ba3 Na4 24. Kd2 Bg6 25. Rc1 f6 26. f4 fxe5 27. fxe5 Rf8 28. Ke3 Rc7 29. Nb5 Rc5 30. Bxc5 bxc5 31. Rd7 Rf5 32. Rd8+
1-0

[Event "Landsturneringen 2018"]
[Site "Quality hotell Sarpsborg"]
[Date "2018.07.07"]
[Round "6"]
[White "Vitenberg, Noam Aviv"]
[Black "Kizatbay, Abyl"]
[Result "0-1"]
[WhiteElo "2220"]
[BlackElo "2088"]

1. d4 Nf6 2. c4 g6 3. Nc3 d5 4. cxd5 Nxd5 5. Bd2 Bg7 6. e4 Nxc3 7. Bxc3 O-O 8. Nf3 Nc6 9. Be2 Bg4 10. d5 Bxf3 11. Bxf3 Bxc3+ 12. bxc3 Na5 13. h4 c6 14. Qd2 cxd5 15. exd5 Qc7 16. h5 Nc4 17. Qh6 Qe5+ 18. Kf1 g5 19. Rd1 Rfd8 20. Be4 Qxe4 21. Qxg5+ Kh8 22. Rh4 Qe5 23. Qh6 Rd6 24. Qc1 b5 25. Re1 Qxd5 26. Rxe7 Rg8 27. g3 Nd2+ 28. Ke2 Qd3+ 29. Kd1 Nf3+ 30. Qd2 Qxd2#
0-1

[Event "Landsturneringen 2018"]
[Site "Quality hotell Sarpsborg"]
[Date "2018.07.07"]
[Round "6"]
[White "Fossan, Aleksander"]
[Black "Nielsen, Andre"]
[Result "0-1"]
[WhiteElo "2164"]
[BlackElo "2178"]

1. e4 e5 2. Nf3 Nc6 3. Bc4 Nf6 4. d3 Bc5 5. Nc3 d6 6. Bg5 h6 7. Bxf6 Qxf6 8. Nd5 Qd8 9. c3 a6 10. d4 Ba7 11. dxe5 Nxe5 12. Nxe5 dxe5 13. Qh5 O-O 14. Qxe5 Re8 15. Qf4 Qd6 16. Qxd6 Rxe4+ 17. Ne3 cxd6 18. O-O-O Bxe3+ 19. fxe3 Rxc4 20. Rxd6 Be6 21. a3 Re4 22. Kd2 Re8 23. Rf1 Kf8 24. h3 Ke7 25. Rd4 Rxd4+ 26. exd4 Bd5 27. Rf2 Kd6 28. Kd3 b5 29. Kd2 Bc4 30. g3 f6 31. Rh2 h5 32. Rf2 Re4 33. Rg2 Bf1 34. Rh2 h4 35. g4 Ke6 36. b3 g6 37. Rh1 Re2+ 38. Kd3 Bg2 39. Rh2 Rb2 40. Ke3 Kd5 41. a4 bxa4 42. c4+ Kd6 43. bxa4 g5 44. d5 Kc5 45. d6 Kxd6 46. Kd4 a5 47. Kc3 Rf2 48. Kd4 Ra2 49. Kc3 Kc5 50. Kb3 Re2 51. Kc3 Bf3
0-1

[Event "Landsturneringen 2018"]
[Site "Quality hotell Sarpsborg"]
[Date "2018.07.07"]
[Round "7"]
[White "Næss, Sara"]
[Black "Øieroset, Henrik"]
[Result "0-1"]
[WhiteElo "1963"]
[BlackElo "1685"]

1. e4 e6 2. d4 d5 3. Nc3 Nf6 4. e5 Nfd7 5. f4 c5 6. Nf3 Nc6 7. Ne2 Be7 8. c3 O-O 9. Be3 b6 10. Ng3 f6 11. Bb5 Qc7 12. O-O a6 13. Ba4 b5 14. Bc2 c4 15. exf6 Nxf6 16. Ne5 a5 17. a3 Bb7 18. Nh5 Bd6 19. Qf3 Ne7 20. Qh3 Nxh5 21. Qxh5 Nf5 22. g4 g6 23. Qh3 Nxe3 24. Qxe3 Bxe5 25. dxe5 Rf7 26. Qd4 Raf8 27. Rf3 Qe7 28. Raf1 Bc6 29. Rg3 Qa7 30. Qxa7 Rxa7 31. f5 Raf7 32. f6 b4 33. g5 bxa3 34. bxa3 Rb8 35. h4 Be8 36. h5 Rfb7 37. Rgf3 gxh5 38. f7+ Rxf7 39. Rxf7 Bxf7 40. Bxh7+ Kxh7 41. Rxf7+ Kg6 42. Rf6+ Kxg5 43. Rxe6 Kf5 44. Ra6 Kxe5 45. Rxa5 Rb3
0-1

[Event "Landsturneringen 2018"]
[Site "Quality hotell Sarpsborg"]
[Date "2018.07.07"]
[Round "7"]
[White "Berbom, Henrik Elias"]
[Black "Reigstad, Erlend"]
[Result "1-0"]
[WhiteElo "1419"]
[BlackElo "1629"]
1. d4 e6 2. c4 Nf6 3. Nc3 d5 4. cxd5 exd5 5. Bg5 Be7 6. e3 O-O 7. Bd3 c6 8. h3 Re8 9. Nf3 Nbd7 10. Qc2 Nf8 11. O-O Kh8 12. Bf4 Bd6 13. Ne5 Qc7 14. Nxf7+ Qxf7 15. Bxd6 Re6 16. Bh2 Ne8 17. Ne2 Ng6 18. Nf4 Nxf4 19. Bxf4 Bd7 20. Bg3 Nf6 21. Be5 Ne4 22. Bxe4 dxe4 23. Qxe4 Rg6 24. Bg3 Re8 25. Qd3 Bf5 26. Qa3 Qd7 27. Kh2 Rh6 28. Bf4 Rh5 29. Qd6 Qf7 30. Rh1 h6 31. Kg1 Re6 32. Qa3 Rg6 33. Bg3 Rhg5 34. Qb3 Be6 35. Qd3 Bc4 36. Qd1 Bd5 37. b3 Qe7 38. Rh2 Qe4 39. Qe2 h5 40. f3 Qe8 41. Bh4 Rf5 42. e4 Rf4 43. Bf2 Bg8 44. Be3 Rf7 45. Kh1 Bh7 46. g4 h4 47. Rf1 Rgf6 48. e5 Re6 49. f4 Be4+ 50. Kg1 g6 51. Qe1 Rh7 52. Bd2 Bd5 53. f5 gxf5 54. Rxf5 Rg6 55. Rhf2 Be6 56. Rf8+
1-0

[Event "Landsturneringen 2018"]
[Site "Quality hotell Sarpsborg"]
[Date "2018.07.07"]
[Round "8"]
[White "Wadstensvik, Petter Andreas"]
[Black "Vitenberg, Noam Aviv"]
[Result "0-1"]
[WhiteElo "1913"]
[BlackElo "2220"]

1. d4 Nf6 2. Nf3 d5 3. e3 Bf5 4. b3 e6 5. Bb2 Bd6 6. Nbd2 Nc6 7. a3 O-O 8. c4 Re8 9. Be2 e5 10. dxe5 Nxe5 11. O-O dxc4 12. Nxc4 Nxc4 13. Bxc4 Qe7 14. h3 Rad8 15. Qe2 c6 16. Nd4 Be4 17. Rfd1 Nd5 18. Qg4 Be5 19. Bd3 Nf6 20. Qe2 Bd5 21. Bc4 Qc7 22. Bxd5 Nxd5 23. Rac1 Qb6 24. b4 Bf4 25. Qg4 Be5 26. Rc5 Nf6 27. Qe2 a5 28. Qc4 axb4 29. Qxb4 Qc7 30. Qb3 Ne4 31. Rc2 Qe7 32. Re2 Qf6 33. Rf1 Nc5 34. Qc2 Qe7 35. Nf5 Qf8 36. Bxe5 Rxe5 37. Nd4 Ne4 38. Qb2 Qe7 39. Rb1 Nc5 40. Nf3 Red5 41. Nd4 Qe5 42. Qb6 Ne4 43. Rc2 c5 44. f4 Qe8 45. Nf3 R8d7 46. Ne5 Re7 47. Qb5 Qxb5 48. Rxb5 h5 49. Rc4 Nd6 50. Rcxc5 Rd1+ 51. Kh2 Nxb5 52. Rxb5 Rc1 53. Rb3 Rc2 54. Kg3 Rec7 55. Rd3 R2c3 56. Rd8+ Kh7 57. Kh4 g6 58. Kg5 Rxa3 59. Nd7 Ra5+
0-1

[Event "Landsturneringen 2018"]
[Site "Quality hotell Sarpsborg"]
[Date "2018.07.07"]
[Round "8"]
[White "Lindbøl, Aleksander"]
[Black "Øieroset, Henrik"]
[Result "1-0"]
[WhiteElo "2163"]
[BlackElo "1685"]

1. c4 e5 2. g3 c6 3. d4 e4 4. Nc3 d5 5. cxd5 cxd5 6. Bg2 Nf6 7. Bg5 Be7 8. Nh3 Nc6 9. O-O h6 10. Bf4 a6 11. Be5 Be6 12. Nf4 Qd7 13. Na4 Qd8 14. Nxe6 fxe6 15. Bh3 Kf7 16. f3 b5 17. Nc3 Qb6 18. Kh1 e3 19. Qc1 Nxd4 20. Qxe3 Bc5 21. b4 Nc2 22. Qxc5 Qxc5 23. bxc5 Rac8 24. Rac1 Ne3 25. Rfe1 Nc4 26. Bd4 e5 27. Bxc8 exd4 28. Bxa6 dxc3 29. Rxc3 b4 30. Rb3
1-0

[Event "Landsturneringen 2018"]
[Site "Quality hotell Sarpsborg"]
[Date "2018.07.07"]
[Round "9"]
[White "Risting, Eivind Olav"]
[Black "Lund, Gunnar"]
[Result "1/2-1/2"]
[WhiteElo "2317"]
[BlackElo "2216"]
1. Nf3 d5 2. g3 Nf6 3. Bg2 e6 4. c4 Be7 5. d4 O-O 6. Qc2 a6 7. Bf4 dxc4 8. Qxc4 Nd5 9. Nc3 b5 10. Qd3 Bb7 11. Nxd5 Bxd5 12. O-O Nd7 13. Rfd1 Nf6 14. Ne5 Bxg2 15. Kxg2 c5 16. Nc6 Qd7 17. Nxe7+ Qxe7 18. dxc5 Qxc5 19. Rac1 Qd5+ 20. Qxd5 Nxd5 21. e4 Nf6 22. f3 Rfc8 23. Kf2 Kf8 24. g4 Ke8 25. Be5 Ke7 26. Bd6+ Ke8 27. Be5 Ke7 28. Ke3 Ne8 29. Bd4 Rxc1 30. Rxc1 f6 31. f4 Kd7 32. Rd1 Kc6 33. h4 Nd6 34. b3 Nf7 35. e5 fxe5 36. Bxe5 g6 37. Ke4 Ra7 38. Rc1+ Kd7 39. h5 Ke7 40. hxg6 hxg6 41. g5 Nd6+ 42. Kf3 Nf5 43. Rh1 Rd7 44. Rh7+ Ke8 45. Rh8+ Kf7 46. Ra8 Rd3+ 47. Ke2 Rh3 48. Ra7+ Ke8 49. Rxa6 Kd7 50. Kd2 Nh4 51. Kc2 Nf3 52. Rb6 Nxe5 53. fxe5 Rh2+ 54. Kb1 Rg2 55. Rxb5 Rxg5 56. a4 Kc6 57. Kb2 Rf5 58. b4 g5 59. Rc5+ Kb7 60. Rc4 Rxe5 61. Rg4 Kc6 62. Kc3 Rf5 63. Kc4 Rf4+ 1/2-1/2

[Event "Landsturneringen 2018"]
[Site "Quality hotell Sarpsborg"]
[Date "2018.07.07"]
[Round "9"]
[White "Vitenberg, Noam Aviv"]
[Black "Huse, Sigurd Kjelsbøl"]
[Result "1-0"]
[WhiteElo "2220"]
[BlackElo "2085"]
1. d4 d5 2. c4 c6 3. Nf3 Nf6 4. Nc3 a6 5. g3 dxc4 6. Bg2 b5 7. Ne5 Bb7 8. b3 cxb3 9. axb3 e6 10. O-O Bd6 11. Qc2 Qc7 12. Bb2 c5 13. Nxb5 axb5 14. Rxa8 Bxg2 15. Rxb8+ Qxb8 16. Kxg2 O-O 17. Nf3 cxd4 18. Bxd4 Rc8 19. Qb2 Be7 20. Ra1 h6 21. Kg1 Qc7 22. Ra7 Qd8 23. Rb7 Rb8 24. Rxb8 Qxb8 25. Qc2 Qb7 26. Ne5 Nd5 27. Qc6 Qxc6 28. Nxc6 Bf6 29. Bxf6 gxf6 30. Nd4 Nc7 31. Kg2 f5 32. Kf3 Kg7 33. e4 Kf6 34. exf5 exf5 35. Ke3 Kg5 36. f4+ Kf6 37. Nc6 Ke6 38. Kd4 Kd6 39. Ne5 Ne6+ 40. Kc3 Nd8 41. Kb4 Nc6+ 42. Kxb5 Nd8 43. b4 f6 44. Nf3 Nc6 45. Nh4 Ne7 46. Ka6 h5 47. b5 Kc7 48. h3 Nd5 49. Nxf5 Kb8 50. h4 Ka8 51. Ng7 1-0

[Event "Landsturneringen 2018"]
[Site "Quality hotell Sarpsborg"]
[Date "2018.07.07"]
[Round "9"]
[White "Øieroset, Henrik"]
[Black "Greibrokk, Ingrid"]
[Result "0-1"]
[WhiteElo "1685"]
[BlackElo "1905"]
1. d4 d5 2. c4 c6 3. Nf3 Nf6 4. e3 e6 5. Nc3 Nbd7 6. Qc2 Bd6 7. Bd2 a6 8. cxd5 cxd5 9. Bd3 O-O 10. O-O b5 11. e4 dxe4 12. Nxe4 Be7 13. Ne5 Bb7 14. Ng5 Nxe5 15. dxe5 Qd5 16. Bxh7+ Kh8 17. f3 Qxe5 18. Rfe1 Qc5+ 19. Be3 Qxc2 20. Bxc2 Rac8 21. Rac1 Nd5 22. Bd2 Bf6 23. Be4 Rxc1 24. Bxc1 g6 25. h4 Kg7 26. h5 gxh5 27. Nh7 Bd4+ 28. Kh2 Rh8 29. Ng5 Bf6 30. Rd1 Rc8 31. Nh3 Bc6 32. Ng5 Be5+ 33. Kg1 Nf4 34. g3 Ne2+ 35. Kf2 Nxc1 36. Rxc1 Bb7 37. Rxc8 Bxc8 38. b3 f6 39. Nh3 Bd4+ 40. Ke2 e5 41. Nf2 f5 42. Bc6 Bxf2 43. Kxf2 f4 44. a4 b4 45. a5 Kf6 46. Bd5 fxg3+ 47. Kxg3 Kg5 48. Bc4 h4+ 49. Kf2 h3 50. Kg3 Kf6 51. Bf1 Ke7 52. Kf2 Kd6 53. Ke3 h2 54. Bg2 Be6
0-1